[Event "11th Arad Open 2018"]
[Site "Arad"]
[Date "2018.08.05"]
[Round "1"]
[White "Mastrovasilis, Dimitrios"]
[Black "Isfan, Ioan Marius"]
[Result "1-0"]
[WhiteElo "2586"]
[BlackElo "1933"]
[Annotator "TA"]
[PlyCount "49"]
[EventDate "2018.08.05"]
[EventType "swiss"]
[EventCountry "ROU"]
[SourceTitle "playchess.com"]
[Source "ChessBase"]
[SourceQuality "1"]

{[%evp 10,49,58,36,94,43,81,27,71,34,35,32,35,32,118,118,125,125,132,140,138,137,124,137,265,0,306,309,306,313,614,514,962,937,1120,670,855,855,991,833,919,577]} 1. e4 d5 2. exd5 Qxd5 3. Nc3 Qd6 4. d4 c6 5. Nf3 Bg4 6. Be2 {LiveBook: 43 Partien. B01: Skandinavische Verteidigung} (6. Be3 Nf6 7. h3 Bh5 8. g4 Bg6 9. Bg2 Nbd7 10. Nh4 e6 11. Qe2 Be7 12. O-O O-O 13. Nxg6 hxg6 {½-½ (45) Jones,G (2646)-Tiviakov,S (2569) Bunratty 2018}) 6... e6 (6... Nf6 $14) 7. h3 (7. Ne4 $1 $16 {[%cal Re4d6]} Qd8 8. Ne5) 7... Bh5 8. O-O (8. g4 $16 Bg6 9. h4) 8... Nd7 9. Re1 Ngf6 10. Ne5 $146 ({Vorgänger:} 10. Be3 Qc7 11. Nd2 Bxe2 12. Qxe2 Be7 13. Nc4 b5 14. Nd2 O-O 15. a3 a5 16. Nce4 Nxe4 17. Nxe4 Nf6 18. Nxf6+ Bxf6 19. Qf3 Be7 {½-½ (19) Ongai,E (1910)-Huszar,N (1774) Miskolc 2009}) 10... Bxe2 11. Qxe2 Be7 (11... h6 $14) 12. Bf4 $1 $36 {[%mdl 2048] Droht Sxf7! und aus. Weiss hat starke Initiative.} Qxd4 {[#]} 13. Nxf7 $1 {[%mdl 512]} Kxf7 14. Qxe6+ Kg6 15. Rad1 {[%cal Ba1d1,Bd1d7,Bd7e7][%mdl 32]} Qxf4 16. Rxd7 Bc5 (16... Rhe8 $16) 17. Ne4 $2 (17. Qf7+ $1 $18 Kg5 18. Qxg7+ Kh5 19. Qf7+ Kg5 {[#]} 20. h4+ $1 {[%mdl 512]} Kh6 21. Ne4 $1 {[%mdl 512]}) 17... Rhf8 $2 {[%mdl 8192]} (17... Kh6 $1 $11 18. Qf7 (18. Nxc5 $2 Rhe8 $19) 18... Nh5) 18. Nxc5 $18 Rae8 {Und ...Db4 würde nun gewinnen.} 19. Nd3 ({Aber nicht} 19. Rxb7 $2 Qd2 $19) 19... Qg5 $2 (19... Qb8) 20. Ne5+ {Weiß steht klar auf Gewinn.} Kh5 (20... Qxe5 $142 21. Rxe5 Rxe6 22. Rxe6 Rf7) 21. Re7 Qd2 22. Qf5+ Kh6 23. Rxe8 Qxe1+ 24. Kh2 g6 {[#]} 25. Qxf6 $1 {[%mdl 512] Precision: Weiß = 52%, Schwarz = 10%.} 1-0

[Event "11th Arad Open 2018"]
[Site "Arad"]
[Date "2018.08.05"]
[Round "1"]
[White "Vajda, Levente"]
[Black "Baciu, Radu George"]
[Result "1-0"]
[WhiteElo "2558"]
[BlackElo "1925"]
[Annotator "TA"]
[PlyCount "119"]
[EventDate "2018.08.05"]
[EventType "swiss"]
[EventCountry "ROU"]
[SourceTitle "playchess.com"]
[Source "ChessBase"]
[SourceQuality "1"]

{[%evp 16,119,6,12,18,-3,-4,-2,28,0,0,0,8,-15,0,-7,-15,-63,-28,-64,-5,-5,0,-6,1,0,6,8,12,10,8,9,13,-29,-14,-41,-14,-21,-4,-7,4,4,4,4,6,4,6,6,6,-10,6,6,6,10,6,6,6,6,10,9,13,5,15,5,19,18,53,51,56,61,55,53,45,40,116,108,108,107,134,125,134,136,133,141,131,142,197,202,207,213,263,256,341,335,364,363,347,331,425,389,439,406,630,615,717,702]} 1. Nf3 d5 2. g3 Nf6 3. Bg2 e6 4. O-O Be7 5. c4 O-O 6. d4 b6 7. Nc3 Bb7 8. Ne5 Nbd7 9. Bf4 {LiveBook: 29 Games} Ne4 {E18: Queen's Indian: Old Main Line (4 g3 Bb7 5 Bg2 Be7 6 0-0 0-0 7 Nc3)} (9... c6 10. Qb3 Nxe5 11. Bxe5 Qd7 12. Rfd1 Ba6 13. cxd5 cxd5 14. e4 Bc4 15. Qc2 Rac8 16. Bxf6 Bxf6 17. exd5 Bxd5 18. Bxd5 Qxd5 19. Nxd5 Rxc2 20. Nxf6+ gxf6 {0-1 (42) Erigaisi,A (2488)-Rozum,I (2581) Kolkata 2018}) 10. Qc2 {[%cal Rc3e4]} Nxc3 11. Qxc3 Nf6 $146 {The position is equal.} ({Predecessor:} 11... Nxe5 12. Bxe5 Bd6 13. Rfd1 Bxe5 14. dxe5 c6 15. e4 Rc8 16. exd5 cxd5 17. Qb3 {½-½ (38) Karavade,E (2370)-Lubbe,N (2192) Pardubice 2005}) 12. Qc2 c5 13. dxc5 Bxc5 14. Rad1 Qc8 15. Bg5 Ne8 {Strongly threatening ...f6.} 16. Bc1 Bd6 (16... b5 $5 17. Nd3 bxc4 18. Nxc5 Qxc5 $15) 17. Ng4 Rb8 (17... b5 $15) 18. Ne3 $11 {[%cal Rc4d5]} dxc4 19. Qxc4 Bxg2 20. Kxg2 Qb7+ 21. f3 Be7 22. b3 Rc8 23. Qf4 Nf6 24. Qa4 b5 25. Qa5 Rc6 26. Rd3 h6 27. Qd2 Qa6 28. Bb2 Rfc8 29. Rd1 Qb6 30. Bc3 a6 31. Ba5 Qc5 32. Bd8 Bxd8 33. Rxd8+ Rxd8 34. Qxd8+ Kh7 35. Qd4 Qxd4 36. Rxd4 {[%mdl 4096] Endgame KRN-KRN} g6 37. Kf2 Kg7 38. Rd8 h5 39. h4 Rb6 40. Ke1 Rc6 41. Kd2 Rc7 42. Rd6 Ra7 43. Nc2 Ne8 44. Rd8 Kf8 ({Black should try} 44... Nf6 $14) 45. Nd4 Rc7 46. Ra8 Rd7 47. Ke3 Rd6 48. Nc2 $1 Ke7 49. Ra7+ $1 Kf8 50. Nb4 Nf6 (50... Ng7 $16 {might work better.} 51. Rxa6 (51. Nxa6 Nf5+ 52. Kf2 Rd2 $16) 51... Nf5+ 52. Kf2 Rxa6 53. Nxa6 Ke7) 51. Rxa6 $18 Nd5+ 52. Kf2 Rxa6 53. Nxa6 {KN-KN} Ke7 {[#]} 54. e4 $1 {[%cal Re4d5]} Nc3 55. Nb4 Kd6 56. Ke3 Kc5 57. Nd3+ Kd6 58. Kd2 Nxa2 {[#]} (58... b4 $142 59. a4 Na2) 59. b4 $1 f6 60. Kc2 {Precision: White = 74%, Black = 48%.} 1-0

[Event "11th Arad Open 2018"]
[Site "Arad"]
[Date "2018.08.05"]
[Round "1"]
[White "Antal, Gergely"]
[Black "Gratze, Michael"]
[Result "1-0"]
[WhiteElo "2549"]
[BlackElo "1923"]
[Annotator "TA"]
[PlyCount "53"]
[EventDate "2018.08.05"]
[EventType "swiss"]
[EventCountry "ROU"]
[SourceTitle "playchess.com"]
[Source "ChessBase"]
[SourceQuality "1"]

{[%evp 20,53,38,26,54,41,70,69,70,65,99,102,184,170,205,191,298,312,301,233,219,221,295,289,304,299,754,759,1382,1028,1020,1015,2829,2459,29997,29998]} 1. e4 c5 2. Nf3 d6 3. Bb5+ Nd7 4. d4 cxd4 5. Qxd4 a6 6. Bxd7+ Bxd7 7. c4 e5 8. Qd3 h6 9. O-O Nf6 10. Nc3 Be7 11. Rd1 {LiveBook: 16 Games. B51: Sicilian: Moscow Variation (3 Bb5+) without 3...Bd7} (11. a4 O-O 12. b3 Be6 13. Be3 Ng4 14. Rfd1 Nxe3 15. Qxe3 Rc8 16. Nxe5 Bg5 17. f4 Bxf4 18. Qxf4 dxe5 19. Rxd8 exf4 20. Rxc8 Rxc8 {½-½ (32) Anand,V (2779)-Topalov,V (2760) Saint Louis 2016}) 11... Qc7 12. b3 Bc6 13. Nd2 $146 {[%cal Bf3d2,Bd2f1,Bf1e3,Be3f5][%mdl 32] White is slightly better.} ({Predecessor:} 13. a4 O-O 14. Ba3 {1-0 (69) Bastos Seixas,P (2041)-Januario,S (2207) Florianopolis 2018}) 13... O-O 14. Nf1 b6 15. Ne3 Qb7 (15... g6 $16) 16. Nf5 $18 Rfd8 17. Qg3 {[%csl Gf5][%cal Rg3g7] [#]} Bf8 (17... g6 $142 18. Nxe7+ (18. Bxh6 Nxe4 19. Nxe4 Bxe4 $16) (18. Nxh6+ Kf8 $16) 18... Qxe7) 18. Nxh6+ Kh7 19. Qh4 {Hoping for Ng4+.} gxh6 20. Qxf6 Bg7 21. Qf5+ Kg8 22. Rd3 {aiming for Rg3.} Bd7 $2 (22... Qe7 23. Rg3 Kh8) 23. Qh5 Kh7 {[#]} 24. Bxh6 $1 {[%mdl 512]} Bxh6 25. Qxf7+ Bg7 26. Rg3 {[%csl Gg3][%cal Rf7g7]} Rg8 27. Qg6+ {Precision: White = 91%, Black = 14%.} 1-0

[Event "11th Arad Open 2018"]
[Site "Arad"]
[Date "2018.08.05"]
[Round "1"]
[White "Georgescu, Tiberiu Marian"]
[Black "Bobocea, Laurentiu Vlad"]
[Result "1-0"]
[WhiteElo "2495"]
[BlackElo "1905"]
[Annotator "TA"]
[PlyCount "125"]
[EventDate "2018.08.05"]
[EventType "swiss"]
[EventCountry "ROU"]
[SourceTitle "playchess.com"]
[Source "ChessBase"]
[SourceQuality "1"]

{[%evp 13,125,28,53,31,54,8,31,31,70,43,50,52,61,59,78,84,76,42,56,40,53,56,52,40,66,72,58,60,97,89,89,89,89,81,112,47,65,57,72,66,138,135,152,130,131,70,90,75,85,81,90,95,86,77,75,64,66,55,95,45,39,30,37,37,37,33,45,15,15,15,21,6,19,0,0,0,0,-9,0,-23,34,44,177,153,169,141,206,193,194,143,152,0,199,199,208,230,241,236,225,224,352,330,333,352,316,335,319,327,375,376,375,360,29967,5069]} 1. d4 Nf6 2. Nf3 g6 3. Nbd2 Bg7 4. e4 d6 5. Bd3 O-O 6. O-O c5 7. c3 Nc6 {LiveBook: 4 Games. B07: Pirc Defence: Miscellaneous Systems} (7... cxd4 8. cxd4 e5 9. Re1 exd4 10. Nxd4 Ng4 11. N4f3 Nc6 12. Nc4 Be6 13. h3 Nge5 14. Ncxe5 dxe5 15. a3 Qb6 16. b4 {½-½ (57) So,W (2778)-Grischuk,A (2766) Leuven 2018}) 8. Re1 a6 9. Nb3 $146 ({Predecessor:} 9. Bf1 Nd7 10. Nb3 b6 11. Be3 Bb7 12. Qd2 Qc7 13. Bh6 e5 14. Rad1 Rad8 15. Nh4 Ne7 16. Bxg7 Kxg7 17. Qg5 {½-½ (17) Andersson,U-Beliavsky,A Sukhumi 1970}) 9... Nd7 {The position is equal.} 10. Be3 Na5 11. dxc5 Nxb3 12. axb3 {[%cal Ba2b3,Bb3b4][%mdl 32]} Nxc5 13. Bc2 b5 14. b4 Nd7 15. Bb3 {Strongly threatening Bd5.} Bb7 16. Bd5 (16. Bg5 {feels hotter.} h6 17. Bh4 Nb6 18. Qe2 Qc7 19. Nd2) 16... Qc7 17. Bxb7 Qxb7 18. Qd5 $36 {[%mdl 2048] White is more active.} Qc7 19. Nd4 Bxd4 20. Qxd4 Qc6 21. Bh6 {[%csl Gh6][%cal Rd4g7] [#]} e5 22. Qd3 Rfd8 23. Rad1 Nf8 24. Qf3 (24. Qd5 $16 Qxd5 25. Rxd5 (25. exd5 Nd7 $11)) 24... Ne6 25. Rd5 Rd7 26. h4 Re8 (26... a5 $14) 27. Qf6 $16 Qb6 28. Red1 Qc7 29. h5 ({Better is} 29. f3 $16) 29... Qd8 $14 30. Qxd8 Rexd8 31. Be3 Nc7 32. R5d3 Ne8 33. Ra1 Ra8 34. Rd5 {Threatens to win with Rxb5!} Nc7 35. Rdd1 Kf8 36. Bb6 {Hoping for Bxc7.} Ke7 37. hxg6 hxg6 38. Ra5 f5 39. exf5 gxf5 40. Rda1 Nd5 41. Rxa6 Rb8 42. Be3 f4 43. Bd2 Nc7 44. Ra7 Ke6 45. Kf1 Rg8 46. Rb7 d5 (46... Rh7 $11 47. Raa7 Rh1+ 48. Ke2 Nd5) 47. Raa7 Kd6 (47... Rgg7 $14) 48. Rb6+ $18 Ke7 49. Rh6 Rg7 (49... Kd8 $16 50. Rb6 Rg4 51. Rb8+ Ke7) 50. Rb7 Kf7 51. Rh5 (51. Rc6 $18 Ke8 52. Rh6) 51... Re7 $16 52. Rh6 Rd7 $1 53. Rc6 Kg8 54. Ke2 Rge7 55. g4 fxg3 56. fxg3 {[%cal Bf2g3,Bg3g4,Bg4g5,Bg5g6][%mdl 32]} Kg7 (56... d4 $142 57. cxd4 exd4+ 58. Kd3 Rf7 59. Rb8+ Kh7 60. Rh6+ Kg7) 57. g4 d4 58. cxd4 exd4+ 59. Kd3 Kh7 60. g5 Kg7 61. Bf4 Nd5 {[#]} 62. Be5+ $1 {[%mdl 512]} Kf7 $2 (62... Kf8 $18 63. Rb8+ (63. Kxd4 Nxb4+ 64. Rxd7 Nxc6+ 65. Kd5 Rxd7+ $11) 63... Re8 64. Bd6+ Ne7) (62... Rxe5 63. Rxd7+) 63. g6+ {Precision: White = 62%, Black = 45%.} 1-0

[Event "11th Arad Open 2018"]
[Site "Arad"]
[Date "2018.08.05"]
[Round "1"]
[White "Gavrilescu, David"]
[Black "Bonciu, David"]
[Result "1-0"]
[WhiteElo "2468"]
[BlackElo "1895"]
[Annotator "TA"]
[PlyCount "47"]
[EventDate "2018.08.05"]
[EventType "swiss"]
[EventCountry "ROU"]
[SourceTitle "playchess.com"]
[Source "ChessBase"]
[SourceQuality "1"]

{[%evp 20,47,19,22,22,25,22,22,30,25,23,24,30,37,56,50,44,38,52,47,49,45,79,70,57,50,575,552,2512,2525]} 1. e4 c5 2. Nf3 Nc6 3. Bb5 g6 4. Bxc6 dxc6 5. d3 Bg7 6. h3 Nf6 7. Nc3 O-O 8. O-O Re8 9. Be3 b6 10. Qd2 e5 {B31: Sicilian: 2...Nc6 3 Bb5 g6} 11. Bh6 {LiveBook: 13 Games} Qe7 (11... Bh8 12. Nh2 Nh5 13. Ne2 a5 14. a4 Ng7 15. Kh1 Ne6 16. b3 Ra7 17. Rae1 {1-0 (40) Bok,B (2554)-Reinderman,D (2584) Amsterdam 2015}) 12. Bxg7 Kxg7 {White has an edge.} 13. Nh2 Nh5 14. Ne2 Qd6 15. b3 Be6 $146 ({Predecessor:} 15... a5 16. a4 Ra7 17. Rae1 Rae7 18. Nf3 Qf6 19. Qe3 Kg8 20. Nd2 Nf4 {½-½ (83) Hoolt,S (2251)-Hemmatizadeh,N (1885) Zuerich 2010}) 16. Rae1 Rad8 17. f4 Nxf4 18. Nxf4 exf4 19. Rxf4 {[%cal Bf1f4,Bf4h4,Bh4h7][%mdl 32]} Qd4+ 20. Kh1 Qb2 21. Ref1 f5 22. Rh4 {And now exf5 would win.} Re7 $2 {[%mdl 8192]} (22... h5 23. exf5 Bxf5 24. Qg5 $16) (22... Kg8 $14) 23. Qg5 Qf6 {[#]} 24. Rxh7+ $1 {[%mdl 512] Precision: White = 79%, Black = 42%.} 1-0

[Event "11th Arad Open 2018"]
[Site "Arad"]
[Date "2018.08.05"]
[Round "1"]
[White "Miron, Lucian Costin"]
[Black "Dobrin, Ionut Alexandru"]
[Result "1-0"]
[WhiteElo "2460"]
[BlackElo "1889"]
[Annotator "TA"]
[PlyCount "61"]
[EventDate "2018.08.05"]
[EventType "swiss"]
[EventCountry "ROU"]
[SourceTitle "playchess.com"]
[Source "ChessBase"]
[SourceQuality "1"]

{[%evp 28,61,24,24,37,66,81,31,81,47,82,70,123,134,128,126,111,96,137,70,325,323,313,331,618,605,808,806,808,790,835,829,1294,1189,1187,1186]} 1. d4 d5 2. c4 e6 3. Nc3 Nf6 4. cxd5 exd5 5. Bg5 Be7 6. e3 O-O 7. Bd3 Nbd7 8. Qc2 Re8 9. Nge2 c6 {[%cal Bc7c6,Bc6c5][%mdl 32]} 10. O-O h6 11. Bh4 b6 {D36: Queen's Gambit Declined: Exchange Variation: Main line (5 Bg5 c6 6 Qc2)} 12. f3 c5 13. Rad1 Bb7 14. Kh1 a6 15. Bf5 {LiveBook: 4 Games} cxd4 16. Nxd4 Ne5 $146 ({Predecessor:} 16... Nh5 17. Bf2 Ne5 18. Qb3 b5 19. Nde2 Nc4 20. e4 {1-0 (64) Dobrov,V (2417)-Burmakin,V (2493) Oberwart 2001}) 17. Bh3 g6 18. b3 b5 19. e4 b4 {[#]} (19... dxe4 $14 20. Ndxb5 Qb8 21. Bxf6 axb5 22. Bxe7 (22. Nxe4 Bxe4 23. fxe4 Bxf6 $11) (22. fxe4 Bxf6 23. Rxf6 Qc7 $14) 22... Rxe7) 20. Bxf6 $1 $16 Bxf6 21. Nxd5 Bxd5 22. exd5 Qxd5 23. f4 ({White should try} 23. Ne6 $16 Qa5 24. Nc5 (24. Nc7 Rec8 $16)) 23... Ng4 $2 {[%mdl 8192] [#]} (23... Nd3 $1 $14) 24. Bxg4 $18 Bxd4 25. Bf3 Qd6 $2 (25... Qb5 26. Bxa8 Rxa8) 26. Bxa8 {White is clearly winning.} Rxa8 27. Qc4 Rd8 28. Rd3 Qb6 29. Rfd1 Bf6 30. Rxd8+ Bxd8 31. Qc8 {Precision: White = 58%, Black =  9%.} 1-0

[Event "11th Arad Open 2018"]
[Site "Arad"]
[Date "2018.08.05"]
[Round "1"]
[White "Womacka, Mathias"]
[Black "Geher, Laszlo"]
[Result "1-0"]
[WhiteElo "2450"]
[BlackElo "1884"]
[Annotator "TA"]
[PlyCount "43"]
[EventDate "2018.08.05"]
[EventType "swiss"]
[EventCountry "ROU"]
[SourceTitle "playchess.com"]
[Source "ChessBase"]
[SourceQuality "1"]

{[%evp 17,43,22,76,20,95,89,125,99,99,43,239,241,213,239,256,208,307,309,383,386,644,527,891,781,1063,970,969,937]} 1. e4 d6 2. d4 Nf6 3. Nc3 g6 4. f4 {[%cal Bf2f4,Bf4f5][%mdl 32]} Bg7 5. Nf3 O-O 6. Bd3 Na6 7. O-O c5 8. d5 Rb8 9. f5 {B09: Pirc Defence: Austrian Attack} (9. Kh1 Bg4 10. h3 Bxf3 11. Rxf3 Nc7 12. a4 b6 13. Nb5 Rb7 14. Qe2 Nfe8 15. c3 a6 16. Na3 Nf6 17. Nc4 Qd7 {1-0 (34) Anand,V (2775)-Ivanchuk,V (2757) Leuven 2017}) 9... b5 {LiveBook: 6 Games} (9... Nc7 $11 {remains equal.}) 10. Nxb5 (10. Bxb5 Nxe4 11. Nxe4 Rxb5 $15) (10. fxg6 $16 hxg6 11. Nxb5 (11. Bxb5 Nxe4 12. Nxe4 Rxb5 $11)) 10... c4 (10... gxf5 $11 {keeps the balance.} 11. exf5 (11. Nxa7 fxe4 12. Nc6 Qc7 $17) 11... Qb6) 11. Bxc4 $16 {White is better.} Nxe4 12. Qe2 Nac5 $146 ({Predecessor:} 12... Nec5 13. fxg6 fxg6 14. Nxa7 {1-0 (14) Uta,A (2031)-Ursente,M (1962) Napoca 2008}) 13. Nxa7 (13. Nfd4 $16) 13... Bxb2 $2 ({Black should try} 13... Bd7 $1 $14) 14. Nc6 $18 Qc7 {[#]} 15. Bxb2 $1 ({Less strong is} 15. Nxb8 Bxa1 16. Nc6 Bxf5 $14) 15... Rxb2 16. Nfd4 Bb7 (16... gxf5 $142 17. Nxf5 Bxf5 18. Rxf5 Kh8) 17. a4 Ra8 18. Ra3 ({Not} 18. fxg6 hxg6 19. Qf3 Rf8 $18) 18... Bc8 $2 {[#]} (18... g5 19. Qh5 Nf6 20. Qxg5+ Kh8) 19. Raf3 {White is clearly winning.} Ng5 20. Re3 Nge4 21. Rxe4 Nxe4 22. Qxe4 {Precision: White = 65%, Black =  2%.} 1-0

[Event "11th Arad Open 2018"]
[Site "Arad"]
[Date "2018.08.05"]
[Round "1"]
[White "Zawadzka, Jolanta"]
[Black "Pislariu, Stefanel Vasilica"]
[Result "1-0"]
[WhiteElo "2435"]
[BlackElo "1877"]
[Annotator "TA"]
[PlyCount "47"]
[EventDate "2018.08.05"]
[EventType "swiss"]
[EventCountry "ROU"]
[SourceTitle "playchess.com"]
[Source "ChessBase"]
[SourceQuality "1"]

{[%evp 13,47,36,29,28,89,93,101,85,135,124,142,91,72,79,187,161,378,368,431,439,437,420,633,627,804,797,835,829,1475,1493,1386,1364,1282,955,1242,56]} 1. e4 e6 2. d4 d5 3. Nc3 Bb4 4. Nge2 dxe4 5. a3 Bxc3+ 6. Nxc3 Nf6 7. Bg5 h6 8. Bh4 {C15: French: 3 Nc3 Bb4: Unusual White 4th moves} g5 (8... Nc6 $11 {keeps the balance.}) (8... Nc6 9. Bb5 Bd7 10. O-O a6 11. Bc4 g5 12. Bg3 Ne7 13. f3 e3 14. Ne4 Ng6 15. Re1 Bc6 16. Rxe3 {1-0 (29) Ivanchuk,V (2758)-Forsaa,E (2305) Caleta 2013}) 9. Bg3 $16 a6 $146 ({Predecessor:} 9... Bd7 10. h4 g4 11. h5 Bc6 12. Bh4 Nbd7 13. Bb5 Bxb5 14. Nxb5 a6 15. Nc3 Qc8 {1-0 (23) Boersma,J (2225)-Van Dongen,R (1985) Groningen 2004}) 10. h4 {[#] aiming for hxg5.White is better.} Rg8 11. hxg5 hxg5 12. Be5 (12. Rh6 $142) 12... Nbd7 13. Qe2 $36 {[%mdl 2048] White is in control.} e3 (13... b6 $16 {was worth a try.}) 14. fxe3 $18 ({Resist} 14. Qxe3 Nd5 $16) 14... Nxe5 $2 (14... Nd5 {might work better.}) 15. dxe5 Nd7 16. O-O-O Qe7 17. Ne4 Nxe5 (17... Rf8 $142 18. Rh6 Kd8) 18. Rh6 {White is clearly winning.} Ng6 19. Qf3 f5 20. Qh5 fxe4 21. Rxg6 Rxg6 22. Qxg6+ Qf7 {[#]} 23. Rd8+ $1 {[%mdl 512]} Ke7 (23... Kxd8 24. Qxf7) 24. Qxg5+ {Precision: White = 85%, Black = 21%.} 1-0

[Event "11th Arad Open 2018"]
[Site "Arad"]
[Date "2018.08.05"]
[Round "1"]
[White "David, Alexandru Vasile"]
[Black "Panainte, Andreea Bianca"]
[Result "1-0"]
[WhiteElo "2421"]
[BlackElo "1870"]
[Annotator "TA"]
[PlyCount "67"]
[EventDate "2018.08.05"]
[EventType "swiss"]
[EventCountry "ROU"]
[SourceTitle "playchess.com"]
[Source "ChessBase"]
[SourceQuality "1"]

{[%evp 14,67,22,21,48,38,60,62,51,45,77,79,80,70,59,65,100,113,116,105,144,82,81,83,133,27,89,46,72,70,158,158,155,160,161,166,152,141,155,28,45,22,294,272,242,168,164,152,147,127,300,305,495,482,418,54]} 1. d4 Nf6 2. c4 e6 3. Nc3 Bb4 4. Bg5 h6 5. Bh4 d5 6. cxd5 exd5 7. e3 c6 {D35: Damengambit (Abtauschvariante)} (7... g5 8. Bg3 Ne4 9. Qb3 c5 10. Bd3 Nc6 11. Bxe4 dxe4 12. d5 Na5 13. Qa4+ Qd7 14. Qxd7+ Bxd7 15. Nge2 {½-½ (29) Ding,L (2772)-Lodici,L (2407) Antalya 2017}) 8. Bd3 {LiveBook: 5 Partien} Be6 9. Nge2 Nbd7 {Weiß steht etwas besser.} 10. O-O O-O 11. f3 c5 12. a3 $146 ({Vorgänger:} 12. Rc1 cxd4 13. exd4 a6 14. a4 Qb6 15. Na2 {1-0 (28) Kaczmarska,J (1452)-Frej,Z (1574) Solina 2012}) 12... cxd4 13. axb4 dxc3 14. bxc3 Qb6 15. Nd4 a5 16. bxa5 Rxa5 17. Rxa5 (17. Rb1 $142 Qc7 18. Qe2) 17... Qxa5 $16 18. f4 {Droht f5 und aus.} Bg4 19. Qe1 (19. Qc2 $1 $16) 19... Ne4 (19... Bh5 $11 {bleibt in der Remisbreite.}) 20. Be7 Rc8 21. Bb4 Qa2 ({Besser ist} 21... Qd8 $1 $14) 22. h3 $36 {[%mdl 2048] Schwarz steht unter starkem Druck.} Bh5 23. Nf5 Ra8 24. Bxe4 dxe4 25. Qg3 {[%csl Gf5][%cal Rg3g7]} Bg6 {[#]} 26. Ne7+ (26. Nxh6+ $1 $16 {[%mdl 512]} Kh7 (26... gxh6 27. f5) 27. f5) 26... Kh7 $11 27. Qh4 {Schwarz muss nun f5 beachten.} Kh8 $2 {[%mdl 8192]} (27... f5 $11) 28. f5 $18 Bh7 29. Qxe4 b6 30. Qd4 Nf6 31. Qxb6 Ne4 $2 (31... Ng8 $16 {war nötig.} 32. Qc6 Ra6) 32. Qc6 Ng3 $2 (32... Nf6 {war einen Versuch wert.} 33. e4 Qa7+ 34. Kh2 Nd7) 33. Rf2 Qa7 34. Qf3 $2 {Precision: Weiß = 61%, Schwarz = 28%.} (34. Kh2 $18) 1-0

[Event "11th Arad Open 2018"]
[Site "Arad"]
[Date "2018.08.05"]
[Round "1"]
[White "Petrisor, Adrian Marian"]
[Black "Georgieva, Emilia"]
[Result "1-0"]
[WhiteElo "2416"]
[BlackElo "1861"]
[Annotator "TA"]
[PlyCount "55"]
[EventDate "2018.08.05"]
[EventType "swiss"]
[EventCountry "ROU"]
[SourceTitle "playchess.com"]
[Source "ChessBase"]
[SourceQuality "1"]

{[%evp 14,55,31,17,56,52,72,72,61,55,109,25,80,70,160,145,170,158,177,183,295,289,403,367,393,380,609,589,603,407,380,408,1192,1133,1185,1183,1168,1155,1095,1088,1658,1620,1564,1529]} 1. e4 c6 2. d4 d5 3. e5 Bf5 4. h4 h6 5. g4 Bd7 6. h5 e6 7. f4 c5 {B12: Caro-Kann (Vorstoß-Variante)} 8. c3 {LiveBook: 54 Partien} cxd4 (8... Qb6 9. Nf3 Bb5 10. Bh3 Nc6 11. a3 Rc8 12. Be3 Ba6 13. b4 cxb4 14. axb4 Be7 15. Kf2 {1-0 (41) Onischuk,V (2608)-Bogdanovich,S (2596) Lvov 2017}) 9. cxd4 Bb4+ {Weiß steht etwas besser.} 10. Kf2 Nc6 11. Nf3 Qb6 ({Lieber} 11... Nge7 $14) 12. Kg3 (12. a3 $16 Be7 13. b4) 12... O-O-O (12... f5 $11) 13. Nc3 $146 ({Vorgänger:} 13. Be3 Kb8 14. Nc3 Bxc3 15. bxc3 {1-0 (51) Engelbert,C (2165)-Shapiro,Y (2098) Dresden 2012}) 13... f6 ({Besser ist} 13... Kb8 $14) 14. Na4 Qc7 15. a3 $36 {[%mdl 2048] Weiss hat starke Initiative.} Be7 16. b4 {[%cal Bb2b4,Bb4b5,Bb5c6][%mdl 32]} fxe5 (16... a6 $142 17. Be3 Kb8) 17. dxe5 $18 b6 18. Bd2 Kb8 19. b5 Na5 $2 {[#]} (19... Nxe5 20. Nxe5 Nf6) 20. Bxa5 $1 bxa5 21. Rc1 Qb7 22. Nd4 Bxa3 (22... Rc8 $142 23. Nc6+ Bxc6) 23. Nc6+ {Weiß steht klar auf Gewinn.} Bxc6 24. bxc6 ({Weniger gut wäre} 24. Rxc6 Bb4 $18) 24... Qc7 25. Qb3+ Bb4 26. Nc5 Qb6 {[#]} 27. c7+ $1 {[%mdl 512]} Kxc7 (27... Qxc7 28. Na6+) 28. Na4+ {Precision: Weiß = 82%, Schwarz = 19%.} 1-0